| 000 | 00517nam a22001697a 4500 | ||
|---|---|---|---|
| 003 | OSt | ||
| 005 | 20250630075553.0 | ||
| 008 | 250630b |||||||| |||| 00| 0 eng d | ||
| 020 | _a 978-971-23-6817-2 | ||
| 040 |
_aDWCL - Main lib _cOC |
||
| 082 | _aFil. 658.15 M333e 2014 | ||
| 100 | _aSerrano, Erlinda D. | ||
| 245 |
_aElements of Finance/ _cErlinda D. Serrano |
||
| 260 |
_aManila, Philippines: _bRex book store, _c c2014. |
||
| 300 |
_axii, 294 pages: _billustrations; _c24cm. |
||
| 942 |
_2ddc _cBK - FIL _kFil. _n0 |
||
| 999 |
_c3312 _d3312 |
||